| 000 | 00501cam a2200193 i 4500 | ||
|---|---|---|---|
| 020 | _a2225629315 : | ||
| 040 | _cDLC | ||
| 082 | 0 | 0 | _a631 MAS 1979 A047 Or. |
| 100 | 1 | _aBonneau, Maurice. | |
| 245 | 1 | 0 | _aConstituants et propriétés du sol / |
| 260 |
_aParis ; _aNew York : _bMasson, _c1979. |
||
| 300 |
_axviii, 459 p. : _bill., graphs ; _c25 cm. |
||
| 490 | 1 | _aPédologie ; 2 | |
| 650 | 0 | _aSoils | |
| 650 | 0 | _aSoil chemistry. | |
| 650 | 0 | _aSoil physics. | |
| 700 | 1 | _aSouchier, B. | |
| 942 | _cFB | ||
| 999 |
_c13606 _d13606 |
||